|
|
|
|
| LEADER |
00000nam0a2200000 4500 |
| 001 |
254318 |
| 005 |
20231101232926.0 |
| 010 |
|
|
|a 5229003758
|
| 020 |
|
|
|a RU
|b 89-51936
|
| 035 |
|
|
|a (RuTPU)RU\TPU\book\276763
|
| 090 |
|
|
|a 254318
|
| 100 |
|
|
|a 20140320d1989 k y0rusy5003 ca
|
| 101 |
1 |
|
|a rus
|c eng
|
| 102 |
|
|
|a RU
|
| 105 |
|
|
|a a z 101zy
|
| 200 |
1 |
|
|a Быстрозакаленные металлические сплавы
|e труды конференции, сентябрь. 1984, Вюрцбург (ФРГ)
|f Под ред. С. Штиба, Г. Варлимонта
|
| 210 |
|
|
|a Москва
|c Металлургия
|d 1989
|
| 215 |
|
|
|a 372,[1] с.
|c ил.
|
| 320 |
|
|
|a Библиогр. в конце докл.
|
| 320 |
|
|
|a Предм. указ.: с. 371-373.
|
| 606 |
1 |
|
|a Сплавы
|x Физика
|2 stltpush
|3 (RuTPU)RU\TPU\subj\55940
|9 73892
|
| 610 |
1 |
|
|a славы аморфные
|
| 610 |
1 |
|
|a физико-химические свойства
|
| 610 |
1 |
|
|a закалка
|
| 610 |
1 |
|
|a структура
|
| 610 |
1 |
|
|a релаксация
|
| 610 |
1 |
|
|a микроструктура
|
| 610 |
1 |
|
|a коррозия
|
| 610 |
1 |
|
|a катализ
|
| 610 |
1 |
|
|a металлические сплавы
|
| 675 |
|
|
|a 669.018:53
|z rus
|v 3
|
| 702 |
|
1 |
|a Штиб
|b С.
|4 340
|
| 702 |
|
1 |
|a Ковнеристый
|b Юлий Константинович
|4 340
|
| 702 |
|
1 |
|a Варлимонт
|b Г.
|4 340
|
| 712 |
1 |
2 |
|a Быстрозакаленные металлические сплавы
|b конференция
|e Вюрцбург
|f 1984
|
| 801 |
|
0 |
|a RU
|b RuMRKP
|c 19950417
|g psbo
|
| 801 |
|
1 |
|a RU
|b 63413507
|c 20140320
|
| 801 |
|
2 |
|a RU
|b 63413507
|c 20140625
|g RCR
|
| 942 |
|
|
|c BK
|